000 00954nam a2200265Ia 4500
003 OSt
005 20221005111614.0
006 a|||||r|||| 00| 0
007 ta
008 221004b |||||||| |||| 00| 0 hin d
020 _a9788176753142 (hbk)
024 _a27436
037 _bGift, 26/07/2016,
_cTextual
040 _aCRL
_cCRL
_bhin
041 _2hin
_ahin
082 _aY5927.2, 152Q1
100 _aचौधरी, उमा शंकर
245 0 _aदलित विमर्श
_b कुछ मुद्दे कुछ सवाल
246 _aDalit vimarsha: kuchh mudde kuchh savāla
260 _aपंचकूला
_bआधार प्रकाशन भारत
_c2011
300 _a167पृ0
_ccm.
650 _aभारतीय-लोक साहित्य
942 _hY5927.2, 152Q1
_cTEXL
_2cc
999 _c1022323
_d1022323